Music Quiz

Random Music or Bands Quiz

'F' Named Bands & Musicians Quiz Stats

Quiz Updated Aug 1, 2016

Challenge
Share
Tweet
Embed
Score 0/30 Timer 06:00
7 Plays Today
2 Hit Singles 'F' Band/Artist % Correct
Respect
Chain of Fools
Aretha Franklin
78.5%
Don't Stop
Go Your Own Way
Fleetwood Mac
73.3%
London Bridge
Big Girls Don't Cry
Fergie
71.3%
Waiting for a Girl Like You
Cold as Ice
Foreigner
64.4%
Best of You
Everlong
Foo Fighters
61.9%
How to Save a Life
You Found Me
The Fray
55.9%
Promiscuous (w/Timbaland)
I'm Like a Bird
Nelly Furtado
55.6%
We Are Young
Some Nights
fun.
54.8%
Low (w/T-Pain)
Right Round (w/Kesha)
Flo Rida
51.6%
Relax
The Power of Love
Frankie Goes to Hollywood
50.1%
Take Me Out
Do You Want To
Franz Ferdinand
47.7%
Sugar, We're Going Down
Dance, Dance
Fall Out Boy
45.2%
Killing Me Softly with His Song
The First Time Ever I Saw Your Face
Roberta Flack
45.1%
Der Kommissar
Rock Me Amadeus
Falco
44.8%
Dog Days Are Over
You've Got the Love
Florence and the Machine
42.7%
2 Hit Singles 'F' Band/Artist % Correct
Show Me The Way
Baby, I Love Your Way
Peter Frampton
42%
How Many Mics
Ready or Not
The Fugees
41%
Centerfield
The Old Man Down the Road
John Fogerty
41%
Pumped Up Kicks
Houdini
Foster the People
39.1%
Weapon of Choice
Praise You
Fatboy Slim
38.3%
You Belong to the City
The Heat Is On
Glenn Frey
38.1%
Superman (It's Not Easy)
100 Years
Five For Fighting
37.2%
Close My Eyes Forever (w/Ozzy Osbourne)
Kiss Me Deadly
Lita Ford
27.2%
Aquarius/Let the Sunshine In
One Less Bell to Answer
The Fifth Dimension
25.5%
The Way
Out of My Head
Fastball
24.1%
Paralyzer
One Thing
Finger Eleven
23.8%
Shimmer
Hemorrhage (In My Hands)
Fuel
23.2%
Hey Man, Nice Shot
Take a Picture
Filter
23%
Lean Back
What's Luv? (w/Ja Rule & Ashanti)
Fat Joe
21.3%
Drunken Lullabies
What's Left of the Flag
Flogging Molly
12.1%

You're not logged in!

Compare scores with friends on all Sporcle quizzes.
Join for Free
OR
Log In

You Might Also Like...

Show Comments

Extras

Top Quizzes Today


Score Distribution

Your Account Isn't Verified!

In order to create a playlist on Sporcle, you need to verify the email address you used during registration. Go to your Sporcle Settings to finish the process.

Report this User

Report this user for behavior that violates our Community Guidelines.

Details: